Southville International School and Colleges
Your cart is empty.
  • Cart
  • Lists
    Public lists Eva Luna New books Lux_list list_1
    Your lists Log in to create your own lists
  • Log in to your account
  • Your cookies
  • Search history
Southville International School and Colleges
  • Advanced search
  • Recent comments
  • Most popular
  • Libraries

Log in to your account

Log in with GOOGLE


If you do not have an external account, but do have a local account, you can still log in:

  1. Home
  2. MARC view: Music, dance and drama /
Normal view MARC view ISBD view

Music, dance and drama / (Record no. 9986)

[ view plain ]
MARC details
000 -LEADER
fixed length control field 00537nam a22001937a 4500
003 - CONTROL NUMBER IDENTIFIER
control field OSt
005 - DATE AND TIME OF LATEST TRANSACTION
control field 20140310182149.0
008 - FIXED-LENGTH DATA ELEMENTS--GENERAL INFORMATION
fixed length control field 130830t xxu||||| |||| 00| 0 eng d
050 ## - LIBRARY OF CONGRESS CALL NUMBER
Classification number ML 350
Item number .P316 1968
082 ## - DEWEY DECIMAL CLASSIFICATION NUMBER
Classification number HS 781.763
Item number M97 1968
245 ## - TITLE STATEMENT
Title Music, dance and drama /
260 ## - PUBLICATION, DISTRIBUTION, ETC. (IMPRINT)
Place of publication, distribution, etc Ethiopia :
Name of publisher, distributor, etc Ministry of Information,
Date of publication, distribution, etc c1968.
300 ## - PHYSICAL DESCRIPTION
Extent 64 p. ;
Dimensions 22 cm.
650 ## - SUBJECT ADDED ENTRY--TOPICAL TERM
Topical term or geographic name as entry element Music
General subdivision Miscellanea
-- Ethiopia
9 (RLIN) 15680
650 ## - SUBJECT ADDED ENTRY--TOPICAL TERM
Topical term or geographic name as entry element Theater
General subdivision Ethiopia
9 (RLIN) 15681
650 ## - SUBJECT ADDED ENTRY--TOPICAL TERM
Topical term or geographic name as entry element Folk dancing
General subdivision Ethiopia
9 (RLIN) 15682
942 ## - ADDED ENTRY ELEMENTS (KOHA)
Source of classification or shelving scheme Library of Congress Classification
Holdings
Withdrawn status Lost status Source of classification or shelving scheme Damaged status Home library Current library Shelving location Date acquired Total Checkouts Full call number Barcode Date last seen Copy number Price effective from Koha item type
    Library of Congress Classification   Luxembourg Library Luxembourg Library High School Section 08/30/2013   ML 350 .P316 1968 9779 08/30/2013 1 08/30/2013 Books

Music, dance and drama /

APA

(1968). Music, dance and drama. Ethiopia: Ministry of Information.

Chicago

1968. Music, dance and drama. Ethiopia: Ministry of Information.

Harvard

(1968). Music, dance and drama. Ethiopia: Ministry of Information.

MLA

Music, dance and drama. Ethiopia: Ministry of Information. 1968.

  • Place hold
  • Print
  • Cite
  • Add to your cart (remove)
  • Save record
    BIBTEX Dublin Core MARCXML MARC (non-Unicode/MARC-8) MARC (Unicode/UTF-8) MARC (Unicode/UTF-8, Standard) MODS (XML) RIS
  • More searches
    Search for this title in:
    Other Libraries (WorldCat) Other Databases (Google Scholar) Online Stores (Bookfinder.com) Open Library (openlibrary.org)

Exporting to Dublin Core...

SOUTHVILLE LIBRARY

Southville International School and Colleges Library

1281 Tropical Ave. Cor. Luxembourg St., BF Homes International, Las Pinas City

Tel. No. 8256374 / 252358 Loc. 117/146

Powered by Koha